Landkreise mit Kreissitz und Kfz-Kennzeichen Bayerns - Statistiken

Allgemein
  • Dieses Quiz wurde 29 mal gespielt
  • Das Durchschnittsergebnis liegt bei 117 aus 267
Antwortstatistiken
Antworten % Korrekt
100%
N
100%
M, AIB, MU, WOR
96%
M, MUC
96%
MÜ, VIB, WS
96%
A
92%
AÖ, LF
92%
A, SMÜ, WER
92%
PA
92%
R
92%
92%
ER
88%
LA
88%
LA, MAI, MAL, ROL, VIB
88%
WÜ, OCH
88%
NU, ILL
84%
REG, VIT
84%
CO, NEC
80%
Passau
80%
BA
76%
HO
76%
HO, MÜB, NAI, REH, SAN
76%
IN
76%
KE
76%
München
76%
Regen
76%
SC
76%
AM
72%
Hof
72%
Würzburg
72%
CHA, KÖZ, ROD, WÜM
68%
Coburg
68%
Erlangen
68%
LI
68%
Regensburg
68%
RO
68%
RO, AIB, WS
68%
AN
64%
AN, DKB, FEU, ROT
64%
Neu-Ulm
64%
AB
60%
AB, ALZ
60%
AS, BUL, ESB, NAB, SUL
60%
Augsburg
60%
GAP
60%
Garmisch-Partenkirchen
60%
STA, WOR
60%
Aschaffenburg
56%
Bamberg
56%
Erding
56%
Freising
56%
OA
56%
TÖL, WOR
56%
Amberg
52%
Ansbach
52%
Bad Tölz
52%
Bayreuth
52%
Cham
52%
EI
52%
KU, EBS, SAN
52%
MB
52%
MM
52%
Roth
52%
Schweinfurt
52%
SW
52%
SW, GEO
52%
BT
48%
BT, EBS, ESB, KEM, MÜB, PEG
48%
DEG
48%
Deggendorf
48%
DON, NÖ
48%
FO, EBS, PEG
48%
Kulmbach
48%
LL
48%
OAL, FÜS, MOD
48%
PAF
48%
Rosenheim
48%
Straubing
48%
AIC, FDB
44%
Aichach
44%
Altötting
44%
Bad Kissingen
44%
Dachau
44%
FFB
44%
FS
44%
Fürstenfeldbruck
44%
Günzburg
44%
GZ, KRU
44%
kreisfreie Stadt Fürth
44%
kreisfreie Stadt München
44%
kreisfreie Stadt Nürnberg
44%
kreisfreie Stadt Würzburg
44%
Landkreis Fürth
44%
Landkreis München
44%
Landkreis Passau
44%
Miesbach
44%
MIL, OBB
44%
Miltenberg
44%
RH, HIP
44%
Schwandorf
44%
SR
44%
SR, BOG, MAL
44%
DAH
40%
Donauwörth
40%
ED
40%
Eichstätt
40%
ERH, HÖS
40%
kreisfreie Stadt Aschaffenburg
40%
kreisfreie Stadt Augsburg
40%
kreisfreie Stadt Bamberg
40%
kreisfreie Stadt Bayreuth
40%
kreisfreie Stadt Coburg
40%
kreisfreie Stadt Erlangen
40%
kreisfreie Stadt Hof
40%
kreisfreie Stadt Ingolstadt
40%
kreisfreie Stadt Landshut
40%
kreisfreie Stadt Memmingen
40%
kreisfreie Stadt Passau
40%
kreisfreie Stadt Regensburg
40%
Landkreis Ansbach
40%
Landkreis Aschaffenburg
40%
Landkreis Hof
40%
Landkreis Oberallgäu
40%
Landkreis Ostallgäu
40%
Landkreis Regen
40%
Landkreis Unterallgäu
40%
Landkreis Würzburg
40%
Landsberg am Lech
40%
LAU, ESB, HEB, N, PEG
40%
ND, SOB
40%
Starnberg
40%
Dingolfing
36%
EBE
36%
Forchheim
36%
Freyung
36%
Kitzingen
36%
kreisfreie Stadt Amberg
36%
kreisfreie Stadt Ansbach
36%
kreisfreie Stadt Kaufbeuren
36%
kreisfreie Stadt Rosenheim
36%
KT
36%
Landkreis Altötting
36%
Landkreis Augsburg
36%
Landkreis Bad Kissingen
36%
Landkreis Bad Tölz-Wolfratshausen
36%
Landkreis Bamberg
36%
Landkreis Cham
36%
Landkreis Coburg
36%
Landkreis Deggendorf
36%
Landkreis Eichstätt
36%
Landkreis Erding
36%
Landkreis Freising
36%
Landkreis Garmisch-Partenkirchen
36%
Landkreis Kulmbach
36%
Landkreis Landshut
36%
Landkreis Miltenberg
36%
Landkreis Neu-Ulm
36%
Landkreis Regensburg
36%
Landkreis Schwandorf
36%
Landkreis Schweinfurt
36%
Landkreis Traunstein
36%
Lichtenfels
36%
LIF, STE
36%
Traunstein
36%
TS, LF
36%
Bad Reichenhall
32%
Ebersberg
32%
FRG, GRA, WOS
32%
HAS, EBN, GEO, HOH
32%
KEH, MAI, PAR, RID, ROL
32%
KF
32%
kreisfreie Stadt Schweinfurt
32%
kreisfreie Stadt Straubing
32%
Kronach
32%
Landkreis Aichach-Friedberg
32%
Landkreis Bayreuth
32%
Landkreis Berchtesgadener Land
32%
Landkreis Donau-Ries
32%
Landkreis Forchheim
32%
Landkreis Fürstenfeldbruck
32%
Landkreis Günzburg
32%
Landkreis Landsberg am Lech
32%
Landkreis Lichtenfels
32%
Landkreis Miesbach
32%
Landkreis Mühldorf am Inn
32%
Landkreis Rosenheim
32%
Landkreis Roth
32%
Landkreis Rottal-Inn
32%
Landkreis Starnberg
32%
Lindau (Bodensee)
32%
Neumarkt in der Oberpfalz
32%
Neustadt an der Aisch
32%
NM, PAR
32%
Pfaffenhofen an der Ilm
32%
TIR, KEM
32%
WEN
32%
WUN, MAK, REH, SEL
32%
DGF, LAN
28%
Dillingen an der Donau
28%
Haßfurt
28%
kreisfreie Stadt Kempten (Allgäu)
28%
kreisfreie Stadt Schwabach
28%
Landkreis Dachau
28%
Landkreis Dillingen an der Donau
28%
Landkreis Ebersberg
28%
Landkreis Erlangen-Höchstadt
28%
Landkreis Freyung-Grafenau
28%
Landkreis Haßberge
28%
Landkreis Kitzingen
28%
Landkreis Lindau (Bodensee)
28%
Landkreis Neumarkt in der Oberpfalz
28%
Landkreis Pfaffenhofen an der Ilm
28%
Landkreis Straubing-Bogen
28%
Landkreis Tirschenreuth
28%
Landkreis Weißenburg-Gunzenhausen
28%
Lauf an der Pegnitz
28%
Marktoberdorf
28%
Mindelheim
28%
Mühldorf am Inn
28%
NEA, SEF, UFF
28%
PAN, EG, GRI, VIB
28%
SAD, BUL, NAB, NEN, OVI, ROD
28%
Tirschenreuth
28%
Zirndorf
28%
DLG, WER
24%
KC, SAN
24%
KG, BRK, HAB
24%
kreisfreie Stadt Weiden in der Oberpfalz
24%
Landkreis Amberg-Sulzbach
24%
Landkreis Kelheim
24%
Landkreis Kronach
24%
Landkreis Main-Spessart
24%
Landkreis Neuburg-Schrobenhausen
24%
Landkreis Neustadt an der Aisch-Bad Windsheim
24%
Landkreis Neustadt an der Waldnaab
24%
Landkreis Nürnberger Land
24%
Landkreis Rhön-Grabfeld
24%
Landkreis Weilheim-Schongau
24%
Landkreis Wunsiedel im Fichtelgebirge
24%
MN
24%
MSP
24%
NES, KÖN, MET
24%
Neuburg an der Donau
24%
Neustadt an der Waldnaab
24%
NEW, ESB, VOH
24%
Pfarrkirchen
24%
SF
24%
WM, SOG
24%
WUG, GUN
24%
Wunsiedel im Fichtelgebirge
24%
Bad Neustadt an der Saale
20%
BGD, BGL, LF, REI
20%
Kelheim
20%
Landkreis Dingolfing-Landau
20%
Sonthofen
20%
Weilheim in Oberbayern
20%
Karlstadt
16%
Weißenburg in Bayern
16%
Essenbach
8%
BEI, EIH
0%
GEM, KAR, LOH, MAR
0%
GRI, VOF, WEG
0%
Keine übereinstimmenden Quizze gefunden
Verteilung der Resultate
Anzahl Personen mit jedem Resultat
Perzentil nach korrekt beantworteten Fragen
Ihre Resultats-Entwicklung
Sie haben dieses Quiz noch nicht gespielt